Normal view
MARC view
- Poison and Poisoning.
Entry Topical Term
001 - CONTROL NUMBER
- control field: 41853
003 - CONTROL NUMBER IDENTIFIER
- control field: OSt
005 - DATE AND TIME OF LATEST TRANSACTION
- control field: 20200304190913.0
008 - FIXED-LENGTH DATA ELEMENTS
- fixed length control field: 200304|| aca||aabn | a|a d
040 ## - CATALOGING SOURCE
- Original cataloging agency: OSt
- Transcribing agency: OSt
150 ## - HEADING--TOPICAL TERM
- Topical term or geographic name entry element: Poison and Poisoning.
670 ## - SOURCE DATA FOUND
- Source citation: Work cat.: (OSt): 41852 Chavez, Chito A., EcoWaste sounds alarm on toxic beauty products/, ©2019.
